Metodología de la historia
Salvato in:
| Autore principale: | |
|---|---|
| Natura: | Libro |
| Lingua: | spagnolo |
| Pubblicazione: |
Buenos Aires
Losada
1958
|
| Edizione: | 2a. ed |
| Serie: | Cuadernos de Trabajo
|
| Soggetti: | |
| Tags: |
Aggiungi Tag
Nessun Tag, puoi essere il primo ad aggiungerne!!
|
MARC
| LEADER | 00000nam a2200000 a 4500 | ||
|---|---|---|---|
| 001 | UCZ6476 | ||
| 003 | CL-VaPUC | ||
| 008 | 951211e19580000AG |||||||||||||||||spa|d | ||
| 082 | 0 | 4 | |a 372.89 |b VER |2 21 |
| 100 | 0 | |a Verniers, L |e author |9 350806 | |
| 245 | 1 | 0 | |a Metodología de la historia |
| 250 | |a 2a. ed | ||
| 300 | |a 96 p | ||
| 942 | |c BK | ||
| 945 | |d 19951211 00:00:00 |a cmena | ||
| 260 | |a Buenos Aires |b Losada |c 1958 | ||
| 650 | 0 | |a Historia |9 255047 | |
| 650 | 0 | |a Enseñanza de la historia |9 307330 | |
| 650 | 0 | |a Planificación de la educación |9 307333 | |
| 650 | 0 | |a Currículo |9 307290 | |
| 650 | 0 | |a Métodos de enseñanza |9 270413 | |
| 583 | |a last modification |c 19951211 00:00:00 |k Rodrigo Vera | ||
| 490 | 0 | |a Cuadernos de Trabajo | |
| 999 | |c 242675 |d 242673 | ||
| 952 | |0 0 |1 0 |4 0 |6 372_890000000000000_VER_1958 |7 0 |8 P |9 255780 |a BIBEDU |b BIBEDU |c BIBEDU_PB |d 2019-11-19 |i 160354K |o 372.89 VER 1958 |p 160354K |r 2024-01-25 |w 2019-11-19 |y BK |k EDU | ||
| 952 | |0 0 |1 0 |4 0 |6 372_890000000000000_VER_1958 |7 0 |8 P |9 255781 |a BIBEDU |b BIBEDU |c BIBEDU_PB |d 2019-11-19 |i 1633074 |o 372.89 VER 1958 |p 1633074 |r 2024-01-25 |w 2019-11-19 |y BK |k EDU | ||